Biology of fishes /

Bibliographic Details
Main Author: Bone, Q.
Other Authors: Marshall, Norman Bertram
Format: Book
Language:English
Published: Glasgow : Blackie, 1982.
Series:Tertiary level biology.
Subjects:

MARC

Tag First Indicator Second Indicator Subfields
LEADER 00000pam a2200000 a 4500
001 in00004462621
005 20210818135011.0
008 820428s1982 stka b 00110 eng
010 |a  82007919  
020 |a 0412001713 (pbk.) 
020 |z 0412001519 
020 |a 0412001411 (hard) :  |c $39.95 
035 |a (OCoLC)08451899 
035 |9 AAC1277MS 
035 |z (UtOrBLW)7246 
035 |a 11631 
039 0 |a 2  |b 3  |c 3  |d 3  |e 3 
040 |a DLC  |c DLC  |d TMV  |d UtOrBLW 
049 |a TMVM  |c 1 
059 |l MS/BOOK STKS  |v 4  |y 1  |z 3  |t BOOK  |k CIRCULATING  |i 3238900142986  |n NL  |a QL 615  |b B712b 1982 
060 4 |a QL 615  |b B712b 1982 
100 1 |a Bone, Q. 
245 1 0 |a Biology of fishes /  |c Q. Bone and N.B. Marshall ; illustrated by Q. Bone. 
264 1 |a Glasgow :  |b Blackie,  |c 1982. 
264 2 |a New York :  |b Distributed in the USA by Chapman and Hall. 
300 |a ix, 253 pages :  |b illustrations ;  |c 21 cm. 
336 |a text  |2 rdacontent  |b txt 
337 |a unmediated  |2 rdamedia 
338 |a volume  |2 rdacarrier  |b nc 
490 1 |a Tertiary level biology 
504 |a Includes bibliographical references and index. 
650 2 |a Fishes  |x physiology. 
700 1 |a Marshall, Norman Bertram. 
830 0 |a Tertiary level biology. 
940 |a copy plain 
999 |a MARS 
999 f f |s 0ccf0261-b55f-3578-9916-bc4b2688d230  |i 1395ef81-233d-33ce-ab47-a2e537751303  |t 0 
952 f f |p preservation  |a Texas A&M University  |b J.J. Pickle Campus  |c High Density Repository  |d Remote Storage  |t 0  |e QL 615 B712b 1982  |h National Library of Medicine classification  |i unmediated -- volume  |m 3238900142986 
998 f f |a QL 615 B712b 1982  |t 0  |l Remote Storage